Statistics for Cycling Grand Tours of the 2020s

Click here to take the quiz!

General Stats

  • This quiz has been taken 1,350 times
    (418 since last reset)
  • The average score is 25 of 55

Answer Stats

Answer% Correct
Tadej Pogačar
99%
Jonas Vingegaard
98%
Primož Roglič
98%
Wout van Aert
96%
Sepp Kuss
89%
Geraint Thomas
85%
Jumbo–Visma
83%
Remco Evenepoel
82%
Egan Bernal
79%
Jasper Philipsen
79%
Adam Yates
76%
Jai Hindley
75%
Richard Carapaz
75%
Simon Yates
75%
Ineos Grenadiers
73%
UAE Team Emirates
70%
Tao Geoghegan Hart
69%
Enric Mas
66%
Mark Cavendish
62%
Movistar Team
57%
Giulio Ciccone
55%
Peter Sagan
55%
João Almeida
52%
Juan Ayuso
51%
Richie Porte
46%
Thibaut Pinot
46%
Team Bahrain Victorious
45%
Mikel Landa
43%
Wilco Kelderman
42%
Arnaud Démare
40%
Sam Bennett
39%
Kaden Groves
37%
Damiano Caruso
36%
Jonathan Milan
36%
Mads Pedersen
35%
Fabio Jakobsen
31%
Juan Pedro López Pérez
28%
Hugh Carthy
27%
Thomas De Gendt
24%
Guillaume Martin
23%
Victor Campenaerts
23%
Jack Haig
20%
Derek Gee
16%
Gino Mäder
14%
Geoffrey Bouchard
12%
Koen Bouwman
12%
Marc Hirschi
12%
Franck Bonnamour
10%
Magnus Cort
9%
Marc Soler
9%
Michael Storer
8%
Ruben Guerreiro
6%
Dries De Bondt
2%
Filippo Tagliani
2%
Rémi Cavagna
2%

Score Distribution

Percentile by Number Answered

Percent of People with Each Score

Your Score History

You have not taken this quiz since the last reset